Suomen joukkue 2019 jääkiekon mm-kisoissa - Statistics

Yleistilastot
  • Tätä visaa on pelattu 53 kertaa
  • Keskiarvotulos 12 / 29
Vastaustilastot
Rooli Vastaus % Oikein
Hyökkääjä Marko Anttila
95%
Päävalmentaja Jukka Jalonen
87%
Hyökkääjä Harri Pesonen
69%
Maalivahti Kevin Lankinen
69%
Hyökkääjä Kaapo Kakko
67%
Hyökkääjä Sakari Manninen
67%
Puolustaja Mikko Lehtonen
54%
Maalivahti Jussi Olkinuora
51%
Apuvalmentaja Kari Lehtonen
51%
Apuvalmentaja Mikko Manner
51%
Hyökkääjä Juho Lammikko
41%
Puolustaja Niko Mikkola
41%
Hyökkääjä Eetu Luostarinen
38%
Puolustaja Jani Hakanpää
38%
Apuvalmentaja Antti Pennanen
36%
Puolustaja Henri Jokiharju
36%
Puolustaja Atte Ohtamaa
33%
Hyökkääjä Kristian Kuusela
33%
Puolustaja Oliwer Kaski
33%
Maalivahti Veini Vehviläinen
31%
Hyökkääjä Veli-Matti Savinainen
31%
Hyökkääjä Joel Kiviranta
28%
Hyökkääjä Juhani Tyrväinen
26%
Hyökkääjä Toni Rajala
26%
Hyökkääjä Arttu Ilomäki
23%
Puolustaja Petteri Lindbohm
23%
Hyökkääjä Jere Sallinen
21%
Puolustaja Miika Koivisto
21%
Hyökkääjä Niko Ojamäki
21%
Ehtoja vastaavia visoja ei löytynyt
Tulosjakauma
Jokaisen tuloksen saaneiden osuus
Persentiili vastausten määrän mukaan
Tuloshistoriasi
Et ole pelannut tätä visaa